| 000 | 00429nam a22001697a 4500 | ||
|---|---|---|---|
| 005 | 20250414160413.0 | ||
| 008 | 250411b |||||||| |||| 00| 0 eng d | ||
| 020 | _a978-93-272-5957-5 | ||
| 041 | _aeng | ||
| 082 | _a631.81 BAS-F | ||
| 100 |
_aBASAK, DR. RANJAN KUMAR _98621 |
||
| 245 | _aFERTILIZERS [ A TEXTBOOK } | ||
| 260 |
_aKOCHI _bKALYANI PUBLISHERS _c1999 |
||
| 300 | _a504;P | ||
| 650 | _aAGRICULTURE | ||
| 942 | _cBK | ||
| 999 |
_c8757 _d8755 |
||